LEADER 02004nam 2200577 a 450 001 9910456089903321 005 20210111121615.0 010 $a1-282-25456-1 010 $a9786612254567 010 $a90-272-9750-9 010 $a0-585-46239-9 035 $a(CKB)111087028326206 035 $a(OCoLC)179095972 035 $a(CaPaEBR)ebrary10022291 035 $a(SSID)ssj0000104862 035 $a(PQKBManifestationID)11133482 035 $a(PQKBTitleCode)TC0000104862 035 $a(PQKBWorkID)10100368 035 $a(PQKB)10731881 035 $a(MiAaPQ)EBC3015990 035 $a(EXLCZ)99111087028326206 100 $a20150424d2002|||| s|| | 101 0 $aeng 181 $ctxt 182 $cc 183 $acr 200 10$aAppraising Research in Second Language Learning. A practical approach to critical analysis of quantitative research$b[electronic resource] 210 $aPhiladelphia, PA, USA$cJohn Benjamins Publishing Company$d20021001 210 $cJohn Benjamins Publishing Company 215 $a1 online resource (288 p.) 225 0 $aLanguage learning and language teaching Appraising research in second language learning 300 $aBibliographic Level Mode of Issuance: Monograph 311 $a1-58811-253-5 311 $a90-272-1695-9 606 $aLANGUAGE ARTS & DISCIPLINES$2bisac 606 $aLinguistics / General$2bisac 606 $aSecond language acquisition$xMethodology$xResearch 606 $aLanguages & Literatures$2HILCC 606 $aPhilology & Linguistics$2HILCC 615 7$aLANGUAGE ARTS & DISCIPLINES 615 7$aLinguistics / General 615 0$aSecond language acquisition$xMethodology$xResearch 615 7$aLanguages & Literatures 615 7$aPhilology & Linguistics 676 $a418/.007/2 700 $aPorte$b Graeme Keith$0555441 801 0$bPQKB 906 $aBOOK 912 $a9910456089903321 996 $aAppraising research in second language learning$9983922 997 $aUNINA LEADER 01971nam 2200565 a 450 001 9910462981803321 005 20200520144314.0 010 $a0-8132-1824-1 035 $a(CKB)2670000000319320 035 $a(EBL)3135053 035 $a(OCoLC)922996922 035 $a(SSID)ssj0000803031 035 $a(PQKBManifestationID)11488876 035 $a(PQKBTitleCode)TC0000803031 035 $a(PQKBWorkID)10797487 035 $a(PQKB)11095691 035 $a(MiAaPQ)EBC3135053 035 $a(OCoLC)820720019 035 $a(MdBmJHUP)muse24271 035 $a(Au-PeEL)EBL3135053 035 $a(CaPaEBR)ebr10642519 035 $a(EXLCZ)992670000000319320 100 $a19950222d1996 uy 0 101 0 $aeng 135 $aur|n|---||||| 181 $ctxt 182 $cc 183 $acr 200 10$aAt the limits of political philosophy$b[electronic resource] $efrom "brilliant errors" to things of uncommon importance /$fJames V. Schall 210 $aWashington, D.C. $cCatholic University of America Press$dc1996 215 $a1 online resource (277 p.) 300 $aDescription based upon print version of record. 311 $a0-8132-0922-6 311 $a0-8132-0832-7 320 $aIncludes bibliographical references (p. 251-264) and indexes. 327 $apt. 1. The stages of political philosophy -- pt. 2. The grounds of political realism -- pt. 3. At the limits of political philosophy -- pt. 4. Political philosophy and the things of uncommon importance. 606 $aPolitical science$xPhilosophy 606 $aChristianity and politics 608 $aElectronic books. 615 0$aPolitical science$xPhilosophy. 615 0$aChristianity and politics. 676 $a320/.01 700 $aSchall$b James V$0856971 801 0$bMiAaPQ 801 1$bMiAaPQ 801 2$bMiAaPQ 906 $aBOOK 912 $a9910462981803321 996 $aAt the limits of political philosophy$92443786 997 $aUNINA